000 00938nam a22002057a 4500
003 NALT
005 20240904095249.0
008 th tha d
040 _aNALT
041 _atha
090 _aKU 42
_bค121พ
110 2 _aสำนักงานคณะกรรมการกฤษฎีกา
_914779
245 1 0 _aพระราชบัญญัติคณะกรรมการกฤษฎีกา พ.ศ. 2522 /
_cสำนักงานคณะกรรมการกฤษฎีกา.
260 _aม.ป.ท :
_bม.ป.พ.,
_cม.ป.ป..
300 _a1 เล่ม :
_b
_c26 ซม.
610 2 4 _aสำนักงานคณะกรรมการกฤษฎีกา
_xกฎหมายและระเบียบข้อบังคับ
_964689
610 2 4 _aคณะกรรมการกฤษฎีกา
_921940
850 _aNALT
942 _cLB
_2local
999 _c41479
_d41479
998 _j104
_k นางสาวสายฝน ดีงาม